Los Abrigos pintados de los alrededores de Santolea (Teruel) / por Eduardo Ripoll Perelló... ; nota preliminar por el Abate H. Breuil ; prólogo por Luis Pericot García
MARC
| LEADER | 00000nam a2200000Ia 4500 | ||
|---|---|---|---|
| 001 | 1847 | ||
| 003 | Arxiu | ||
| 008 | 160829s1961 xx 000 0 cat d | ||
| 080 | |a B-1-15 | ||
| 100 | 1 | |a Ripoll i Perelló, Eduard, |d 1923-2006 |9 20913 | |
| 245 | |a Los Abrigos pintados de los alrededores de Santolea (Teruel) / por Eduardo Ripoll Perelló... ; nota preliminar por el Abate H. Breuil ; prólogo por Luis Pericot García | ||
| 260 | |a Barcelona : |b Instituto de Prehistoria y Arqueologia de la Diputación Provincial de Barcelona ; Nueva York : |b Wenner - Gren Foundation for Anthropological Research, |c 1961 | ||
| 300 | |a 36 p. . il. ; |c VIII f. de làm., negre i col. ; |c 31 cm | ||
| 490 | |a Monografías de Arte Rupestre. Arte Levantino, 1 | ||
| 650 | |a Pintura rupestre |x Santolea (Terol) |9 34313 | ||
| 650 | |a Art prehistòric |x Santolea (Terol) |9 34314 | ||
| 650 | |a Santolea (Terol) |x Arqueologia |9 34315 | ||
| 700 | 1 | |a Breuil, Henri, |d 1877-1961 |9 34310 | |
| 700 | |a Pericot i García, Lluís, pr. |9 34316 | ||
| 710 | 2 | |a Institut de Prehistòria i Arqueologia (Barcelona, Catalunya) |b Institut d'Arqueologia i Prehistòria | |
| 710 | 2 | |a Wenner-Gren Foundation for Anthropological Research |9 55543 | |
| 901 | |a Arxiu | ||
| 942 | |n 1 |2 udc | ||
| 952 | |0 0 |1 0 |4 0 |6 B115 |7 1 |9 46461 |a Arxiu |b Arxiu |d 2016-12-01 |l 0 |o B-1-15 |p 1847 |r 2016-12-01 00:00:00 |w 2016-12-01 |y ARXIU | ||
| 999 | |c 50246 |d 50246 | ||